A manipulált közösségi oldalak hatása a Z generációban

Bibliographic Details
Main Author: Türner Fanni
Other Authors: Zelena Dr. András
Format: Thesis
Kulcsszavak:Manipuláció
Közösségi oldalak
Z generáció
Fake news
Online Access:http://dolgozattar.uni-bge.hu/15940

MARC

LEADER 00000nta a2200000 i 4500
001 dolg15940
005 20200324054646.0
008 180511suuuu hu om 000 hun d
040 |a BGE Dolgozattár Repozitórium  |b hun 
041 |a hu 
100 1 |a Türner Fanni 
245 1 2 |a A manipulált közösségi oldalak hatása a Z generációban  |c Türner Fanni  |h [elektronikus dokumentum] 
695 |a Manipuláció 
695 |a Közösségi oldalak 
695 |a Z generáció 
695 |a Fake news 
700 1 |a Zelena Dr. András  |e ths 
856 4 0 |u http://dolgozattar.uni-bge.hu/15940/1/SZAKDOLGOZATV%C3%89GLEGES.pdf  |z Dokumentum-elérés